000 01560cad a22002895a 4500
001 L159438
008 131031s2016 xxk f f 001 0 eng d
020 _a9781783210787
035 _a(Sirsi) u159438
041 0 _aeng
041 0 _agre
050 0 4 _a333.332 $2 18
110 2 _aRoyal Institution of Chartered Surveyors
_94900
240 0 0 _aRed Book
245 0 0 _aApplication of the RICS Valuation - Professional Standards in Greece
_h[electronic resource]
260 _aLondon
_bRICS
_c2016
300 _a9 p.
490 0 _aRICS Guidance Note
490 0 _aRICS Valuation Standards
520 _aIt is intended to respond to the new regulatory regime introduced by the government in 2013, with the aim of clarifying potential ?grey areas? between the RICS Valuation ? Professional Standards January 2014 (the Red Book) and Greek law. This is to provide a better understanding and more transparency to members and the market concerning guidance about local peculiarities that will become a Greek standard. Effective from June 2016.
650 2 4 _aRICS VALUATION STANDARDS
651 4 _aGreece
690 _aValuation
_96273
856 4 0 _uhttps://www.isurv.com/downloads/file/6851/application_of_the_rics_valuation_-_professional_standards_in_greece_1st_edition_english
_zView English version on iSurv (subscription required)
856 4 0 _uhttps://www.isurv.com/downloads/file/6852/application_of_the_rics_valuation_-_professional_standards_in_greece_1st_edition_greek
_zView Greek version on iSurv (subscription required)
942 _n0
_2ddc
999 _c115899
_d115899